000 00399nam a22001697a 4500
003 MPLRDC
005 20220104123950.0
008 210129b ||||| |||| 00| 0 eng d
082 _a173.2 TRA
100 _aF.TRACY 著; 汤子庸译
245 _a青春期心理学
_c
250 _a三版
260 _a
_b台湾商务印书馆
_c1969
300 _b
650 _a
942 _cBK
_o173.2 TRA
999 _c15589
_d15579